Hispanoamérica en el umbral de la década de 1980 /
Sábháilte in:
| Príomhchruthaitheoir: | |
|---|---|
| Formáid: | Téacs |
| Clibeanna: |
Cuir clib leis
Níl clibeanna ann, Bí ar an gcéad duine le clib a chur leis an taifead seo!
|
MARC
| LEADER | 00000 a a2200000 04500 | ||
|---|---|---|---|
| 001 | 10955 | ||
| 003 | |||
| 040 | |||
| 100 | |a Selser, Gregorio | ||
| 245 | |a Hispanoamérica en el umbral de la década de 1980 / |c Gregorio Selser | ||
| 773 | |g número 47; páginas 47-98 | ||
| 999 | |c 25651 |d 25651 | ||
